| 000 | 00973nam a22003017a 4500 | ||
|---|---|---|---|
| 001 | 8023 | ||
| 003 | FISKH | ||
| 005 | 20250819100820.0 | ||
| 008 | 250819b cb ||||| |||| 00| 0 eng d | ||
| 020 | _a9780590698214 | ||
| 040 |
_aFISKH _beng _cFISKH _dFISKH |
||
| 050 | _aPZ8.T686 I | ||
| 082 | _a782.42 | ||
| 100 |
_aTrapani, Iza _d(1954-) |
||
| 245 |
_aThe itsy bitsy spider / _cAs told and illustrated by Iza Trapani |
||
| 250 | _aThis edition first published in 1996 | ||
| 260 |
_aDanvers : _bScholastic, _c1993 |
||
| 300 |
_a26 unnumbered pages : _bcolor illustrations ; _c25 cm |
||
| 505 | _aJ | ||
| 520 | _aThe itsy-bitsy spider encounters a fan, a mouse, a cat, and a rocking chair as she makes her way to the top of a tree to spin her web. | ||
| 521 | 8 |
_a430
_bLexile |
|
| 521 | 8 |
_aJ
_bRaz-Plus |
|
| 650 |
_2Nursery rhymes _aBugs |
||
| 650 |
_2Spiders _aInsects |
||
| 700 |
_aTrapani, Iza _dillustrator |
||
| 942 |
_2ddc _cBK _n0 |
||
| 999 |
_c8023 _d8023 |
||